00928nam a2200193 i 4500001001000000003001000010005001700020008004100037040003000078041000800108100003800116245005100154300004200205520032000247650003200567773011100599942000700710999001700717768714001CO-MdFUSB20221125155828.0220715t1984 ck |||| |||| 00| 0 spa d bspacCO-MdFUSBdCO-MdFUSB aspa aGarcía Lorca, Federico, eautor 3aPoeta en Nueva Yorkc/ Federico García Lorca aVolumen 6, (1984) páginas 207 - 263 aPoeta en Nueva York fue para Lorca un grito de horror, de denuncia contra la injusticia y la discriminación, contra la deshumanización de la sociedad moderna y la alienación del ser humano, al tiempo que reclamaba una nueva dimensión humana donde predominase la libertad y la justicia, el amor y la belleza. 797089aLiteratura española0 067924981145aOveja Negra, o24695tMaestros de la literatura universal w(CO-MdFUSB)768714001z8482806718 cBK c67971d67971